Časti elektrických strojov a prístrojov pre 2.roč. SPŠ elektrotechnických /

Salvato in:
Dettagli Bibliografici
Autore principale: Foit, Jaroslav (Autore)
Natura: Libro
Lingua:slovacco
Pubblicazione: Bratislava : Alfa, 1983
Edizione:1.vyd.
Tags: Aggiungi Tag
Nessun Tag, puoi essere il primo ad aggiungerne!!

MARC

LEADER 00000nam a22000003a 4500
001 stu7587
005 20150617225806.4
008 950331s1983----cs------------------slo-d
040 |a STU  |b slo 
041 0 |a slo 
044 |a cs 
080 |a 621.313.(075.32) 
100 1 |a Foit, Jaroslav  |4 aut 
245 1 |a Časti elektrických strojov a prístrojov pre 2.roč. SPŠ elektrotechnických /  |c [aut.] Foit,Jaroslav 
250 |a 1.vyd. 
260 |a Bratislava :  |b Alfa,  |c 1983 
300 |a 179 s 
996 |b E59021  |c E*59021  |l EE15  |s P  |a 0  |w stu7587_0001 
996 |b E61741  |c E*61741  |l EE15  |s P  |a 0  |w stu7587_0002